Từ điển tiếng việt

Gespeichert in:
Bibliographische Detailangaben
1. Verfasser: Văn Tân
Weitere Verfasser: Nguyễn Văn Đạm
Format: Buch
Veröffentlicht: H. Khoa học xã hội 1977
Ausgabe:In lần thứ 2
Schlagworte:
Tags: Tag hinzufügen
Keine Tags, Fügen Sie den ersten Tag hinzu!
Thư viện lưu trữ: Trung tâm Học liệu Lê Vũ Hùng, Trường Đại học Đồng Tháp
LEADER 00733pam a22002298a 4500
001 00020557
005 20171026081023.0
008 110518s1977 ||||||Viesd
041 0 # |a Vie 
082 1 4 |a 495.922  |b T550Đ 
100 0 # |a Văn Tân 
245 0 0 |a Từ điển tiếng việt  |c Văn Tân, Nguyễn Văn Đạm 
250 # # |a In lần thứ 2 
260 # # |a H.  |b Khoa học xã hội  |c 1977 
300 # # |a 894 tr.  |c 27 cm. 
650 # 4 |a Tiếng việt 
650 # 4 |a Từ điển 
700 0 # |a Nguyễn Văn Đạm 
852 # # |b Kho đọc  |j KD.0005723 
852 # # |j KD.0005723 
910 0 # |a Đức  |d 18/05/2011 
980 # # |a Trung tâm Học liệu Lê Vũ Hùng, Trường Đại học Đồng Tháp